Fútbol Argentino - Escudos antiguos - Estadísticas

Estadísticas generales
  • Esta prueba ha sido intentada 238 veces
  • La puntuación promedio es 11 de 12
Estadísticas de respuestas
Imagen Respuesta % Correcto
Estudiantes de La Plata
100%
Newell's Old Boys
98%
River Plate
98%
Boca Juniors
97%
Independiente
96%
Argentinos Juniors
94%
Nueva Chicago
93%
Talleres de Córdoba
92%
Olimpo
90%
Racing Club
90%
Vélez Sarsfield
89%
Chacarita Juniors
88%
No se encontraron pruebas coincidentes
Distribución de puntuación
Porcentaje de gente con cada puntuación
Porcentaje por número respondido
Historial de tus puntuaciones
No has intentado esta prueba.